| 000 | 00361pam a2200157a 44500 | ||
|---|---|---|---|
| 008 | 230515b1996 xxu||||| |||| 00| 0 eng d | ||
| 020 | _aNULL | ||
| 041 | _aENGLISH | ||
| 082 | _aNULL | ||
| 100 | _aNOLIN SUSAN / SCOTT F. | ||
| 245 | _aWABI 2 OPENING WINDOWS | ||
| 250 | _aNULL | ||
| 260 |
_aNULL _bPRENTICE HALL _c1996 |
||
| 300 | _a382 HB | ||
| 650 | _aNULL | ||
| 999 |
_c630523 _d630523 |
||